| 000 | 00353nam a22001217a 4500 | ||
|---|---|---|---|
| 082 |
_a300 _bSRI/G |
||
| 100 | _aSRIDHARAN, VIJAYA | ||
| 245 | _aGETTING AHEAD IN SOCIAL SCIENCE- 6 | ||
| 246 |
_aGETTING AHEAD IN SOCIAL SCIENCE- 6 _bGETTING AHEAD IN SOCIAL SCIENCE- 6 |
||
| 260 |
_aHYDERABAD _bORIENT BLACK SWAN _c2024 |
||
| 650 | _aSOCIAL SCIENCE | ||
| 942 | _cBK | ||
| 999 |
_c8935 _d8935 |
||